Journal of geophysical research. D, Atmospheres

Bibliographic Details
New Title:Journal of geophysical research. Atmospheres (Online)
Corporate Author: American Geophysical Union
Format: Electronic Journal
Language:English
Published: Washington, D.C. : American Geophysical Union, 1984-2012.
Subjects:
Online Access:Full text available from Research Library: 01/01/2009 to 12/15/2012

MARC

LEADER 00000nas a2200000 i 4500
001 ssj0030581
003 WaSeSS
005 20200512172242.0
006 m d
007 cr n
008 060630d19842012dcuer pos 0 a0eng d
022 |y 0148-0227 
035 |a (WaSeSS)ssj0030581 
040 |a WaSeSS  |b eng  |c WaSeSS  |d WaSeSS 
050 4 |a QC801 
245 0 0 |a Journal of geophysical research.  |n D,  |p Atmospheres  |h [electronic resource]. 
246 1 |a JGR.  |p Atmospheres 
246 |a Atmospheres 
260 |a Washington, D.C. :  |b American Geophysical Union,  |c 1984-2012. 
310 |a Biweekly,   |b 1996-2012 
321 |a Monthly,   |b 1986-1995 
321 |a 7 issues a year,   |b 1984-1986 
362 1 |a Began with Volume 89, issue D1 (February 1984); ceased with Volume 117, Issue D24 (December 2012). 
506 |a License restrictions may limit access. 
580 |a Between 1949 and 2012 the enumeration of Journal of Geophysical Research presented the journal as one volume. For this reason CONSER and the US ISSN center treat the 1949 publication of JGR as one entity. However, due to inconsistencies with title representation and packaging we have created individual non-CONSER records for the JGR disciplinary sections in our system to accomodate these discrepancies. 
588 |a Description based on: Volume 89, issue D1; title from table of contents page (Wiley, viewed Sept. 9, 2013).  
588 |a Latest issue consulted: Volume 117, Issue D24 (December 2012)(viewed Sept. 9, 2013). 
650 0 |a Atmospheric physics  |v Periodicals. 
650 0 |a Geophysics  |v Periodicals. 
655 0 |a Electronic journals. 
710 2 |a American Geophysical Union. 
785 0 0 |t Journal of geophysical research. Atmospheres (Online)  |x 2169-8996  |w (DLC) 2012200744  |w (OCoLC)810143352 
787 0 8 |t Journal of geophysical research  |x 2156-2202  |w (DLC) 2010204525  |w (OCoLC)244832696 
856 4 0 |z Full text available from Research Library: 01/01/2009 to 12/15/2012  |u https://search.proquest.com/publication/54657